| 000 | 00742nam a2200301Ia 4500 | ||
|---|---|---|---|
| 005 | 20251020182511.0 | ||
| 008 | 200515s9999 xx 000 0 und d | ||
| 020 | _a978-958-8675-63-3 | ||
| 082 | _a65.993/H89T | ||
| 100 | _aHuidobro Maya, José Manuel | ||
| 245 | 0 | _aTelecomunicaciones | |
| 250 | _a1a ed. | ||
| 260 | _aBogotá, D.C. | ||
| 260 | _bEdiciones de la U | ||
| 260 | _c2011 | ||
| 300 | _a421 p. | ||
| 300 | _bil., tbl., graf. | ||
| 490 | _aIngeniería | ||
| 500 | _a1 ejemplar | ||
| 650 | _aMEDIOS DE TRANSMISION | ||
| 650 | _aMENSAJES Y SEÑALES | ||
| 650 | _aREDES | ||
| 650 | _aREDES FIJAS | ||
| 650 | _aREDES INALAMBRICAS | ||
| 650 | _aTECNOLOGIAS DE COMUNICACIONES | ||
| 942 | _cLIB | ||
| 999 |
_c1438 _d1438 |
||